000 00574nam a2200181Ia 4500
008 090124s9999 xx 000 0 und d
082 _b32431
100 _aवाळिंबे शरद्चंद्र
245 _a अमृता
250 _a0
260 _b"शांती पब्लिकेशन्स, पुणे"
_c1995
300 _a208
600 _aवाळिंबे शरद्चंद्र
630 _a अमृता
700 _aवाळिंबे शरद्चंद्र
730 _a अमृता
942 _cBOOK
999 _c98014
_d98014